000 00881cam a22002771 4500
001 10219606
003 ARRUPE
005 20220504081649.0
008 721013s1946 enk b 000 0 eng
010 _a 47000692
035 _a(OCoLC)429227
040 _aDLC
_cOTifH
_dOCoLC
_dDLC
041 1 _aengund
042 _apremarc
050 0 0 _aJC71.A41
_bB3
082 _a888.5
_a[320.1]
100 0 _aAristotle.
245 1 4 _aThe Politics of Aristotle,
_ctranslated, with an introduction, notes and appendixes, by Ernest Barker ...
260 _aOxford,
_bThe Clarendon Press,
_c1946.
300 _a2 p. l., [iii]-lxxvi, 411, [1] p.
_c23 cm.
504 _aIncludes bibliographical references.
650 0 _aPolitical science.
700 1 _aBarker, Ernest,
_cSir,
_d1874-1960,
_etr.
_951394
906 _a7
_bcbc
_coclcrpl
_du
_encip
_f19
_gy-gencatlg
942 _2lcc
_cMONOGRAPH
999 _c131334
_d131334